00908cam a2200265 i 4500001000300000003000900003005001700012008003900029015001600068020001500084040003500099080000800134080001600142100004700158245008800205250001300293260004300306300003300349504001200382655005000394650002500444710003400469700004100503856009800544bgKOSZ 00520200408130907.0021220s2002 pl a f |001 0 pol aPB 2003/116 a8301024402 aWA NcKOSZ 005/HRdKOSZ 005/HR a517 a(075.8+076)1 aKrysicki, Włodzimierzd(1905-2001)eAutor10aAnaliza matematyczna w zadaniach.nCz. 2 /cWłodzimierz Krysicki, Lech Włodarski. aWyd. 27. aWarszawa :bWydaw. Naukowe PWN,c2002. a491, [1] s. :bil. ;c24 cm. aIndeks. 4aĆwiczenia i zadania dla szkół wyższych 4aAnaliza matematyczna2 aWydawnictwo Naukowe PWN4pbl.1 aWłodarski, Lechd(1916-1997)eAutor uhttp://koha.tu.koszalin.pl/cgi-bin/koha/opac-detail.pl?biblionumber=52824yKatalog online BPK